Rubāʿiyyāt-i Muʾmin Yazdī : bih hamrāh chand ghazal u qiṭʿa /
Muʾmin Ḥusayn Yazdī (d. 1018/1609) was an Islamic scholar and a poet. Born in Yazd around 948/1541, his father was librarian to the governor of Yazd at the time, Shāh Niʿmatallāh Bāqī (d. 994/1586 or 996/1588). Ever since his childhood, Muʾmin was eager to learn. Thanks to his father he could go to...
المؤلف الرئيسي:
مؤلفون آخرون:
التنسيق: كتاب الكتروني
اللغة:
English
Persian
منشور في:
Leiden; Boston :
BRILL,
[2019]
سلاسل:
Miras Maktoob, ISBN: 9789004365452.
الموضوعات:
الوصول للمادة أونلاين: Login to view Source
الوسوم: إضافة وسم
رقم الطلب: PK6495 .M85 2015
| LEADER | 03128nam a22005291i 4500 | ||
|---|---|---|---|
| 001 | BRILL9789004406513 | ||
| 003 | nllekb | ||
| 005 | 20211118222550.0 | ||
| 006 | m d | ||
| 007 | cr un uuuua | ||
| 008 | 200305t20192015ne sb 001 0 eng d | ||
| 010 | |a 2016359459 | ||
| 020 | |a 9789004406513 |q (electronic book) | ||
| 020 | |a 9786002030979 |q (print) | ||
| 024 | 7 | |a 10.1163/9789004406513 |2 DOI | |
| 035 | |a (OCoLC)1155389765 | ||
| 040 | |a NL-LeKB |c NL-LeKB |e rda | ||
| 041 | 0 | |a per |b eng | |
| 050 | 4 | |a PK6495 |b .M85 2015 | |
| 072 | 7 | |a HBJF1 |2 bicssc | |
| 072 | 7 | |a HIS |x 003000 |2 bisacsh | |
| 072 | 7 | |a HIS |x 026000 |2 bisacsh | |
| 082 | 0 | 4 | |a 891.5511 |2 23 |
| 100 | 1 | |6 880-01 |a Yazdī, Muʾmin Ḥusayn, |e author. | |
| 880 | 0 | |6 100-01/(3/r |a مؤمن يزدى، |d approximately 1541-1609, |e author. | |
| 245 | 1 | 0 | |6 880-02 |a Rubāʿiyyāt-i Muʾmin Yazdī : |b bih hamrāh chand ghazal u qiṭʿa / |c by Muʾmin Ḥusayn Yazdī ; (Edited by) Ḥusayn Masarrat. |
| 880 | 1 | 0 | |6 245-02/(3/r |a رباعیات مؤمن یزدی (به همراه چند غزل و قطعه) / |c by مومن حسین بن باقی یزدی ; (Edited by) حسین مسرت. |
| 246 | 3 | |a bih hamrāh chand ghazal u qiṭʿa | |
| 264 | 1 | |a Leiden; |a Boston : |b BRILL, |c [2019] | |
| 264 | 4 | |c ©2015 | |
| 300 | |a 1 online resource. | ||
| 336 | |a text |b txt |2 rdacontent | ||
| 337 | |a computer |b c |2 rdamedia | ||
| 338 | |a online resource |2 rdacarrier | ||
| 490 | 1 | |a Miras Maktoob, ISBN: 9789004365452 | |
| 520 | |a Muʾmin Ḥusayn Yazdī (d. 1018/1609) was an Islamic scholar and a poet. Born in Yazd around 948/1541, his father was librarian to the governor of Yazd at the time, Shāh Niʿmatallāh Bāqī (d. 994/1586 or 996/1588). Ever since his childhood, Muʾmin was eager to learn. Thanks to his father he could go to Shiraz in search of higher education. There he followed the lectures of, among others, Mullā Bāghnawī (d. 995/1587), the famous academic and author of a whole series of glosses and super-commentaries on works in philosophy, theology, and logic. Muʾmin became a respected scholar and even resided in Mekka for a time, besides visiting the holy cities of Najaf, Karbala, and Mashhad. As a specialist of quatrains Muʾmin can be compared to authors like ʿUmar Khayyām (d. ca 517/1123) or Bābā Afḍal Kāshānī (d.667/1268-69). In the latter part of his life Muʾmin went through a mental crisis, choosing a life of isolation. | ||
| 546 | |a Persian. | ||
| 588 | |a Description based on print version record. | ||
| 650 | 0 | |a Quatrains, Persian. | |
| 700 | 1 | |6 880-03 |a Masarrat, Ḥusayn, |e editor. | |
| 880 | 1 | |6 700-03/(3/r |a مسرت، حسىن، |e editor. | |
| 776 | 0 | 8 | |i Print version: |t Rubāʿiyyāt-i Muʾmin Yazdī : bih hamrāh chand ghazal u qiṭʿa. |d Leiden ; Boston : BRILL, 2019 |z 9786002030979 |z (OCoLC)926050337 |
| 830 | 0 | |a Miras Maktoob, ISBN: 9789004365452. | |
| 856 | 4 | |z DOI: |u http://dx.doi.org/10.1163/9789004406513 | |
| 942 | |2 lcc |c EBOOK | ||
| 952 | |0 0 |1 0 |2 lcc |4 0 |7 1 |9 23232 |a BRILL |b BRILL |d 2021-11-18 |l 0 |r 2021-11-18 00:00:00 |w 2021-11-18 |y EBOOK | ||
| 999 | |c 40706 |d 40706 | ||
